Loading...
Social Science | 0 | 5 | 1 | 0 | 45 | 86 | 100.60 | 1 | 1 |
History - Other History | 0 | 5 | 2 | 1 | 40 | 92 | 114.40 | 0 | 1 |
Science - Physics | 0 | 6 | 4 | 1 | 40 | 75 | 120.67 | 0 | 0 |
History - American History | 0 | 6 | 5 | 0 | 35 | 97 | 118.33 | 0 | 0 |
Literature - British Literature | 0 | 4 | 1 | 0 | 35 | 100 | 122.50 | 0 | 1 |
Literature - European Literature | 0 | 3 | 0 | 1 | 30 | 100 | 131.33 | 0 | 1 |
Fine Arts - Other Fine Arts | 0 | 4 | 2 | 0 | 30 | 97 | 120.75 | 0 | 0 |
Religion | 0 | 4 | 2 | 0 | 30 | 99 | 121.75 | 0 | 1 |
Fine Arts - Painting & Sculpture | 0 | 3 | 1 | 0 | 25 | 123 | 137.67 | 0 | 0 |
History - World History | 0 | 3 | 2 | 1 | 20 | 113 | 136.00 | 0 | 0 |
Science - Other Science | 0 | 3 | 2 | 1 | 20 | 117 | 128.33 | 0 | 0 |
Literature - World Literature | 0 | 2 | 0 | 1 | 20 | 118 | 134.50 | 0 | 0 |
Fine Arts - Classical Music | 0 | 2 | 1 | 0 | 15 | 101 | 124.50 | 0 | 0 |
History - European History | 0 | 1 | 0 | 0 | 10 | 121 | 121.00 | 0 | 0 |
Geography | 0 | 1 | 0 | 0 | 10 | 144 | 144.00 | 0 | 0 |
Mythology | 0 | 1 | 0 | 1 | 10 | 162 | 162.00 | 0 | 0 |
Science - Chemistry | 0 | 1 | 0 | 0 | 10 | 106 | 106.00 | 0 | 0 |
Other Academic | 0 | 1 | 1 | 0 | 5 | 109 | 109.00 | 0 | 0 |
Current Events | 0 | 1 | 1 | 0 | 5 | 89 | 89.00 | 0 | 0 |
Science - Biology | 0 | 1 | 2 | 0 | 0 | 119 | 119.00 | 0 | 0 |
Literature - American Literature | 0 | 0 | 0 | 0 | 0 | 0.00 | 0 | 0 | |
Philosophy | 0 | 2 | 4 | 0 | 0 | 126 | 126.50 | 0 | 0 |